000 00452nam a2200169Ia 4500
003 GCL
008 140319s9999 xx 000 0 eng d
040 _aGCL /
_cGCL
082 0 4 _a741.6
_bR S
100 1 _aROSE, CYNTHIA
245 1 0 _aTHE STORY OF DANCEFLOOR STYLE DESIGN AFTER DARK /
_cROSE, CYNTHIA
260 _a[S.N] :
_bTHAMES AND HUDSON ،
_c1994
300 _a159 P
650 0 4 _aADVERTISING
650 0 4 _aGRAPHIC - DESIGN
942 _2ddc
_cBK
999 _c12645
_d12645